000 00507nab#a2200193#c#4500
999 _c19033
_d19033
003 IEF
005 20191205184127.0
008 950704s1975 uuu|| #####0 b| |u
040 _aIEF
_cES-MaIEF
245 _aHacienda y servicios públicos
_b [Editorial]
260 _c1975
650 4 _aSERVICIOS PUBLICOS
_948391
650 4 _aGASTO PUBLICO
_944787
650 4 _aHACIENDA PUBLICA
_950201
773 0 _tHacienda pública española
_w34570
_g36, p. 3-17
942 _2udc
942 _2udc